| 000 | 00916nmc a2200313 a 4500 | ||
|---|---|---|---|
| 003 | AR-BaBNM | ||
| 005 | 20251128211110.0 | ||
| 008 | 212120s2002 ||||||||||||||000 | spa|| | ||
| 020 | _a950-793-010-8 | ||
| 040 | _cAR-BaBNM | ||
| 100 | 1 | _aAzcuy Ameghino, Eduardo | |
| 245 | 1 | 0 |
_aLa otra historia _beconomía, estado y sociedad en el Río de la Plata |
| 260 |
_aBuenos Aires _bImago Mundi _c2002 |
||
| 300 | 0 |
_a390 p. _btablas |
|
| 490 | 0 | _aBitácora Argentina | |
| 650 | 4 | _aHISTORIA ARGENTINA | |
| 650 | 4 | _aHISTORIA DE BUENOS AIRES | |
| 650 | 4 | _aHISTORIA POLITICA | |
| 650 | 4 | _aHISTORIA SOCIAL | |
| 650 | 4 | _aHACIENDA | |
| 650 | 4 | _aHISTORIA ECONOMICA | |
| 650 | 4 | _aTRABAJADORES AGRICOLAS | |
| 650 | 4 | _aTIERRA DEDICADA A LA EXPLOTACION AGROPECUARIA | |
| 650 | 4 | _aIGLESIA Y SOCIEDAD | |
| 651 | 4 | _aBuenos Aires [Capital Federal] | |
| 653 | 0 | _aHISTORIA COLONIAL | |
| 942 | _cBK | ||
| 998 | _cmariana | ||
| 999 |
_c18221 _d18221 |
||